Derecho de seguros: parte general

Kaydedildi:
Detaylı Bibliyografya
Asıl Yazarlar: Barroilhet Acevedo, Claudio (Yazar), Angelbeck Silva, Robert (Yazar)
Materyal Türü: Kitap
Dil:İspanyolca
Baskı/Yayın Bilgisi: Santiago Librotecnia 2017
Edisyon:1a. ed
Seri Bilgileri:Derecho
Konular:
Etiketler: Etiketle
Etiket eklenmemiş, İlk siz ekleyin!

MARC

LEADER 00000cam a2200000 a 4500
001 UCC1244
003 CL-VaPUC
008 171013e20170900cl |||||||||||||||||spa|d
020 |a 9789563271621 
082 0 4 |a 346.83086  |b BAR  |2 21 
100 0 |a Barroilhet Acevedo, Claudio  |e author  |9 595299 
700 0 |a Angelbeck Silva, Robert  |e author  |9 595300 
245 1 0 |a Derecho de seguros: parte general 
250 |a 1a. ed 
300 |a 561 p 
942 |c BK 
945 |d 20171013 12:11:00  |a arojas 
260 |a Santiago  |b Librotecnia  |c 2017 
650 0 |a Derecho comercial   |9 256340 
650 0 |a Comercio marítimo  |9 352895 
650 0 |a Contratos  |9 255153 
650 7 |a SEGUROS  |2 CL-VaPUC  |9 595301 
583 |a last modification  |c 20171206 10:40:45  |k Rodrigo Vera 
490 0 |a Derecho 
999 |c 369805  |d 369803 
952 |0 0  |1 0  |3 erb  |4 0  |6 346_830860000000000_BAR_2017  |7 0  |8 A  |9 485938  |a BIBDER  |b BIBDER  |i 5429293  |l 10  |m 2  |o 346.83086 BAR 2017  |p 5429293  |r 2025-04-01  |s 2025-04-01  |w 2019-11-24  |y BK  |z Catalogado en:20171013  |k DER 
952 |0 0  |1 0  |3 erb  |4 0  |6 346_830860000000000_BAR_2017  |7 0  |8 A  |9 485939  |a BIBDER  |b BIBDER  |i 5432332  |l 4  |m 4  |o 346.83086 BAR 2017  |p 5432332  |q 2025-12-31  |r 2023-09-27  |s 2023-09-27  |w 2019-11-24  |y BK  |z Catalogado en:20171025  |k DER 
952 |0 0  |1 0  |2 ddc  |3 erb  |4 0  |6 346_830860000000000_BAR_2017  |7 1  |8 C_LRYV  |9 485940  |a BIBDER  |b BIBDER  |i 5432324  |o 346.83086 BAR 2017  |p 5432324  |r 2023-01-25  |w 2019-11-24  |y BK_X  |z Catalogado en:20171025  |k BRV